[Event "5th LGA Premium Cup"]
[Site "Nuernberg GER"]
[Date "2008.09.05"]
[Round "3"]
[White "Ohme,M"]
[Black "Mainka,R"]
[Result "0-1"]
[WhiteElo "2245"]
[BlackElo "2480"]

1.e4 c5 2.Nf3 e6 3.d4 cxd4 4.Nxd4 a6 5.Nc3 d6 6.Be2 Nf6 7.O-O Be7 8.a4 Nc6
9.Nb3 b6 10.f4 O-O 11.Be3 Qc7 12.Bf3 Rb8 13.Qe2 Na5 14.Nxa5 bxa5 15.Rab1 Rb4
16.Rfd1 Bb7 17.Bf2 Rb8 18.Rd4 Rc8 19.Rd3 Nd7 20.b3 Nc5 21.Re3 Ba8 22.Rd1 Bf8
23.Na2 Rbb8 24.Rc3 Rd8 25.Nc1 Qb7 26.e5 Ne4 27.Rcd3 f5 28.exd6 Qc6 29.d7 Rb7
30.Na2 Kh8 31.Bxe4 fxe4 32.R3d2 Rbxd7 33.h3 Rd5 34.c4 Rxd2 35.Rxd2 Rb8 36.Qe3 Qb7
37.Nc1 Bb4 38.Rd1 Kg8 39.Ne2 Bc5 40.Qxc5 e3 41.Qg5 exf2+ 42.Kxf2 Rf8 43.c5 h6
44.Qg4 Kh8 45.Nd4 Rd8 46.c6 Qa7 47.Ke3 Bxc6 48.Qh4 Qb6 49.Qe7 Bxg2 50.h4 Bh3
51.Rd2 Bg4 52.Rd3 h5 53.Rd2 Kh7 54.Rd3 Rd5 55.Ke4 Rc5 56.Rg3 Qb4 57.Qe8 Qe1+
58.Re3 Qh1+ 59.Kd3 Qb1+ 60.Kd2  0-1

[Event "DMP Ekstraliga"]
[Site "Karpacz POL"]
[Date "2008.09.06"]
[Round "1"]
[White "Stoma,P"]
[Black "Warakomska,A"]
[Result "1-0"]
[WhiteElo "2294"]
[BlackElo "2211"]

1.e4 c5 2.Nc3 e6 3.Nf3 a6 4.d4 cxd4 5.Nxd4 Qc7 6.Bd3 Nf6 7.O-O Bc5 8.Be3 d6
9.a4 b6 10.Qf3 Bb7 11.Qg3 O-O 12.Rae1 Nbd7 13.f4 Rac8 14.Kh1 Kh8 15.Qh4 Rfe8
16.Rf3 Nf8 17.f5 e5 18.Bg5 exd4 19.Bxf6 gxf6 20.Qxf6+ Kg8 21.Rg3+ Ng6 22.fxg6 fxg6
23.Bc4+ d5 24.Nxd5  1-0

[Event "I Liga Seniorow"]
[Site "Ustron POL"]
[Date "2008.09.06"]
[Round "1"]
[White "Zezulkin,J"]
[Black "Pieniazek,Ar"]
[Result "1/2-1/2"]
[WhiteElo "2448"]
[BlackElo "2376"]

1.e4 c5 2.Nc3 e6 3.Nf3 a6 4.d4 cxd4 5.Nxd4 d6 6.Be3 b5 7.f3 b4 8.Nce2 Nf6
9.g4 e5 10.Nf5 d5 11.g5 dxe4 12.Qxd8+ Kxd8 13.O-O-O+ Kc7 14.gxf6 Bxf5 15.Ng3 Be6
16.f4 Bg4 17.Be2 Bxe2 18.Nxe2 Nc6 19.Rhf1 gxf6 20.fxe5 Nxe5 21.Ng3 Be7 22.Nf5 Rhe8
23.Nxe7 Rxe7 24.Rxf6 Nd7 25.Rf5 f6 26.Bf4+ Kc8 27.Bd6 Re6 28.Bxb4 Rb8 29.Bc3 Rb7
30.a4 Rc7 31.Bd4 e3 32.Re1 Rc4 33.Rxe3 Rxe3 34.Bxe3 Rxa4 35.b3 Rh4 36.Bf4 Rg4
37.Bg3 Rg5 38.Rf4 Kb7 39.Kb2 h5 40.Rd4 Ne5 41.Rd6 Rf5 42.Rd4 Nf3 43.Rb4+ Kc6
44.Ra4 Kb7 45.Rb4+ Kc6 46.Ra4 Kb7 47.h4 Ne5 48.Re4 Kc6 49.Ra4 Kb7 50.Bf4 Ng6
51.Be3 Re5 52.Bd4 Re6 53.Ra5 Nxh4 54.Rxh5 Nf3 55.Bc3 Ne5 56.Rh7+ Kc6 57.Rh4 Kd5
58.Rd4+ Kc6 59.Rf4 Kd5 60.Bd4 Nd7 61.c4+ Kc6 62.Rf5 Rd6 63.Kc3 Re6 64.Rh5 Re1
65.Rh8 Rc1+ 66.Kd2 Rb1 67.Kc2 Re1 68.Ra8 Kb7 69.Ra7+ Kc8 70.Rxa6 Rf1 71.Ra8+ Kb7
72.Rh8 Rf4 73.Be3 Re4 74.Kd2 Ne5 75.Rf8 Nxc4+ 76.bxc4 Rxc4 77.Rxf6 Rc6 78.Rf7+ Rc7
79.Rf5 Kc6 80.Kd3 Re7 81.Bf2 Re6 82.Kc4 Rg6 83.Ra5 Re6 84.Bd4 Kd6 85.Ra7 Kc6
86.Rf7 Rd6 87.Be5 Re6 88.Kd4 Rh6 89.Rc7+ Kb6 90.Kd5 Rg6 91.Rc2 Kb7 92.Rc7+ Kb6
93.Rc8 Kb5 94.Rh8 Rb6 95.Rh1 Ka6 96.Bd4 Rg6 97.Ra1+ Kb5 98.Rb1+ Ka6 99.Bc5 Rh6
100.Rb3 Rg6 101.Bd6 Rg4 102.Kc6 Ka5 103.Rh3 Re4 104.Kc5 Ka6 105.Ra3+ Kb7
106.Rb3+ Ka6 107.Kd5 Rg4 108.Be7 Rf4 109.Rb1 Rg4 110.Bd8 Rf4 111.Rb6+ Ka7
112.Rh6 Rg4 113.Bb6+ Kb7 114.Be3 Rg7 115.Rb6+ Kc7 116.Ra6 Rd7+ 117.Kc5 Kb7
118.Rb6+ Kc8 119.Bf4 Rf7 120.Be5 Re7 121.Kd5 Kd7 122.Bd6 Rf7 123.Ke5 Rf1
124.Bb4 Rf2 125.Bc5 Re2+ 126.Kd5 Rd2+ 127.Bd4 Rc2 128.Rh6  1/2-1/2

[Event "I Liga Seniorow"]
[Site "Ustron POL"]
[Date "2008.09.06"]
[Round "1"]
[White "Szumilas,Pa"]
[Black "Markowski,T"]
[Result "0-1"]
[WhiteElo "2164"]
[BlackElo "2606"]

1.e4 c5 2.Nf3 e6 3.d4 cxd4 4.Nxd4 a6 5.Nc3 b5 6.Bd3 d6 7.O-O Nf6 8.Qe2 Be7
9.a4 b4 10.Na2 Qb6 11.Be3 Qb7 12.c3 bxc3 13.Nxc3 O-O 14.f4 e5 15.fxe5 dxe5
16.Nf5 Bxf5 17.Rxf5 Nbd7 18.Kh1 Bb4 19.Bd2 Be7 20.Bg5 g6 21.Rf2 Kg7 22.Raf1 Ng8
23.Bxe7 Nxe7 24.Bc4 f6 25.Qg4 Rad8 26.Nd5 Nxd5 27.Bxd5 Qb6 28.Rc2 Nc5 29.b3 Nd3
30.Bc4 Nb4 31.Rcf2 Rd4 32.Qe2 Qc6 33.Qe1 a5 34.Re2 Rfd8 35.h3 R8d6 36.Kh2 Qb7
37.Kh1 Qb6 38.Kh2 Nd3 39.Qg3 Qb4 40.Re3 Nc5 41.Qg4 Qb7 42.Rfe1 f5 43.Qg3 f4
44.Qg5 fxe3 45.Qxe5+ Kh6 46.Qxc5 Qxe4 47.Qxa5 Rd2  0-1

[Event "I Liga Seniorow"]
[Site "Ustron POL"]
[Date "2008.09.06"]
[Round "1"]
[White "Obrusnik,M"]
[Black "Stachowiak,K"]
[Result "1-0"]
[WhiteElo "2130"]
[BlackElo "2341"]

1.e4 c5 2.Nf3 e6 3.d4 cxd4 4.Nxd4 a6 5.Nc3 b5 6.Bd3 Qb6 7.Nf3 Qc7 8.O-O Bb7
9.Re1 Nf6 10.e5 Nd5 11.Nxd5 Bxd5 12.Bf4 Be7 13.Be4 Bxe4 14.Rxe4 Nc6 15.Qe2 h6
16.Rd1 Qb7 17.c4 bxc4 18.Rxc4 Nb4 19.b3 Nd5 20.Qe4 Rb8 21.Be3 O-O 22.Bc5 Bxc5
23.Rxc5 Rfc8 24.Rdc1 Rxc5 25.Rxc5 Rc8 26.Qc4 Rxc5 27.Qxc5 Qb8 28.h3 Nb4 29.a3 Nd3
30.Qc3 Nf4 31.Qc4 Ng6 32.Qxa6 Qxb3 33.a4 Qb1+ 34.Qf1 Qe4 35.a5 Nxe5 36.Nxe5 Qxe5
37.a6 Qa5 38.Qc4 Qe1+ 39.Qf1 Qa5 40.Qc4 Qe1+ 41.Kh2 Qxf2 42.Qc8+ Kh7 43.Qb8 e5
44.Qxe5 Qb6 45.Qa1 Qc7+ 46.Kh1 Qa7 47.Qb1+ g6 48.Qb7 Qd4 49.a7 Qa1+ 50.Kh2 Qe5+
51.g3  1-0

[Event "SuperLiga-ROM"]
[Site "Eforie Nord ROM"]
[Date "2008.09.07"]
[Round "7"]
[White "Valeanu,E"]
[Black "Grozav,V"]
[Result "1-0"]
[WhiteElo "2440"]
[BlackElo "2198"]

1.e4 c5 2.Nf3 e6 3.d4 cxd4 4.Nxd4 a6 5.Nc3 Qc7 6.Be3 Nf6 7.f3 Bb4 8.Ne2 d5
9.e5 Nfd7 10.f4 Nc6 11.a3 Be7 12.Qd2 O-O 13.Nd4 Nxd4 14.Bxd4 f6 15.exf6 Bxf6
16.Bxf6 Nxf6 17.O-O-O Rb8 18.g3 b5 19.Qd4 Kh8 20.Bd3 Qa5 21.Qb4 Qd8 22.Qd4 Qa5
23.Na2 Bd7 24.Rhe1 Qc7 25.Kb1 a5 26.c3 Rf7 27.h3 Ng8 28.Bc2 Qc4 29.Qe5 Rbf8
30.Rd4 Qc8 31.Qh5 Nf6 32.Qh4 Bc6 33.Nc1 Ne4 34.Re2 Qa6 35.Qg4 Qc8 36.Nd3 Rf6
37.Ne5 Bb7 38.Bxe4 dxe4 39.Rd7 g6 40.Qh4 h5 41.Nxg6+  1-0

[Event "Open A"]
[Site "Graz SUI"]
[Date "2008.09.07"]
[Round "9"]
[White "Kokol,P"]
[Black "Poetz,F"]
[Result "1/2-1/2"]
[WhiteElo "2253"]
[BlackElo "2191"]

1.e4 c5 2.Nf3 e6 3.d4 cxd4 4.Nxd4 a6 5.Nc3 Qc7 6.Bd3 Nf6 7.O-O Bc5 8.Be3 d6
9.Qe2 e5 10.Nf5 Bxf5 11.exf5 Bxe3 12.fxe3 d5 13.e4 d4 14.Nd5 Nxd5 15.exd5 Nd7
16.Qg4 Kf8 17.Rac1  1/2-1/2

[Event "5th LGA Premium Cup"]
[Site "Nuernberg GER"]
[Date "2008.09.07"]
[Round "7"]
[White "Mihok,O"]
[Black "Hepting,H"]
[Result "1-0"]
[WhiteElo "2346"]
[BlackElo "2214"]

1.e4 c5 2.Nf3 e6 3.d4 cxd4 4.Nxd4 a6 5.Nc3 Qc7 6.Bd3 Nf6 7.O-O d6 8.Qe2 Nbd7
9.Bd2 b6 10.Kh1 Be7 11.f4 g6 12.Rae1 Bb7 13.e5 Nh5 14.f5 Nxe5 15.fxe6 f6
16.Be4 O-O 17.Bd5 Ng7 18.Bh6 Kh8 19.Qd1 Rg8 20.Re3 f5 21.Rh3 Ng4 22.Qf3 Ne5
23.Qf4 b5 24.Bg5 Bxg5 25.Qxg5 Bxd5 26.Nxd5 Qc4 27.Rxh7+  1-0

[Event "3rd PGMA Cup"]
[Site "Manila PHI"]
[Date "2008.09.08"]
[Round "2"]
[White "Dzhumaev,M"]
[Black "Wang Li"]
[Result "0-1"]
[WhiteElo "2549"]
[BlackElo "2392"]

1.e4 c5 2.Nf3 e6 3.d4 cxd4 4.Nxd4 a6 5.Nc3 b5 6.Be2 Bb7 7.Bf3 Nc6 8.e5 Qc7
9.Nxc6 Bxc6 10.Bf4 Bb4 11.O-O Bxc3 12.bxc3 Ne7 13.Re1 Rc8 14.Re3 Bxf3 15.Qxf3 Nd5
16.Rd3 O-O 17.Bd2 Qxe5 18.Re1 Qd6 19.Re4 f5 20.Rh4 Rc4 21.Rxc4 bxc4 22.Rd4 Rb8
23.g4 fxg4 24.Rxg4 Rf8 25.Qg2 Qe5 26.Qg3 Qxg3+ 27.hxg3 Rc8 28.Bh6 g6 29.Rd4 Kf7
30.Kf1 Rc5 31.Ke1 e5 32.Rh4 Nxc3 33.Bd2 Nxa2 34.Rxh7+ Ke6 35.Rg7 c3 36.Be3 Ra5
37.Rxg6+ Kd5 38.Bb6 Rb5 39.Bc7 Nb4 40.Kd1 Ke4 41.Rg4+ Kf3 42.Rc4 Kxf2 43.g4 Na2  0-1

[Event "I Liga Seniorow"]
[Site "Ustron POL"]
[Date "2008.09.08"]
[Round "3"]
[White "Szumilas,Pa"]
[Black "Kryvoruchko,Y"]
[Result "0-1"]
[WhiteElo "2164"]
[BlackElo "2628"]

1.e4 c5 2.Nf3 e6 3.d4 cxd4 4.Nxd4 a6 5.Nc3 Qc7 6.Bd3 Bc5 7.Nb3 Be7 8.O-O Nf6
9.f4 d6 10.Qf3 Nbd7 11.Bd2 b6 12.Rae1 Bb7 13.Kh1 O-O 14.Qh3 Rad8 15.Re3 Rfe8
16.Rfe1 g6 17.f5 exf5 18.exf5 Ne5 19.fxg6 hxg6 20.R3e2 Nfg4 21.Bf4 Kg7 22.Bxe5+ Nxe5
23.Qg3 Rh8 24.Rf1 Bh4 25.Qf4 Rh5 26.Be4 Bg5 27.Qg3 Bc8 28.Nd4 Rdh8 29.Nf3 Nxf3
30.gxf3 Bh4 31.Qf4 Be6 32.Rg1 R8h6 33.Rd2 Bf6 34.Rgg2 Be5 35.Qe3 d5 36.Rxd5 Bxd5
37.Nxd5 Qc4 38.f4 Qf1+ 39.Qg1 Qxg1+ 40.Kxg1 Bxb2 41.Kf1 Bd4  0-1

[Event "DMP Ekstraliga"]
[Site "Karpacz POL"]
[Date "2008.09.09"]
[Round "4"]
[White "Socko,B"]
[Black "Ksieski,Z"]
[Result "1-0"]
[WhiteElo "2627"]
[BlackElo "2424"]

1.e4 c5 2.Nf3 e6 3.d4 cxd4 4.Nxd4 a6 5.Nc3 Qc7 6.Be3 Nf6 7.a3 b5 8.Bd3 Nc6
9.Nxc6 dxc6 10.O-O e5 11.a4 b4 12.Nb1 Ng4 13.Bc1 Bc5 14.Nd2 Qe7 15.h3 Nf6
16.Nb3 Bd6 17.Be3 O-O 18.Qd2 a5 19.Rfd1 Be6 20.Qe2 Rfb8 21.Bg5 Bxb3 22.cxb3 Bc5
23.Rac1 Rb6 24.Rxc5 Qxc5 25.Be3 Qd6 26.Bxb6 c5 27.Bxa5 Rxa5 28.Bb5 Qe7 29.Qc4 g6
30.Rc1 Ra7 31.Qxc5 Nxe4 32.Qxe7 Rxe7 33.a5 Nd2 34.a6 Nxb3 35.Rc4 Nd4 36.Rxb4 Rc7
37.Bc4 Nc6 38.Rb6 Nd4 39.Bd5 Rc1+ 40.Kh2 Ra1 41.Bc4 Kf8 42.Rb7  1-0

[Event "3rd PGMA Cup"]
[Site "Manila PHI"]
[Date "2008.09.09"]
[Round "5"]
[White "Iuldachev,S"]
[Black "Jia Haoxiang"]
[Result "1/2-1/2"]
[WhiteElo "2520"]
[BlackElo "2303"]

1.e4 c5 2.Nc3 a6 3.Nf3 e6 4.d4 cxd4 5.Nxd4 Qc7 6.Be2 b5 7.O-O Bb7 8.Bf3 Nc6
9.Re1 Ne5 10.Bf4 d6 11.Bh5 g6 12.Bg4 Nf6 13.Bh3 b4 14.Na4 Be7 15.c3 bxc3
16.Nxc3 O-O 17.Rc1 Qb6 18.Na4 Qa5 19.b4 Qd8 20.Bxe6 fxe6 21.Nxe6 Qe8 22.Nb6 Rb8
23.Nxf8 Qxf8 24.Bxe5 dxe5 25.Nd7 Nxd7 26.Qxd7 Bh4 27.g3 Qe7 28.Red1 Bg5 29.Qxe7 Bxe7
30.f3 Rd8 31.Rxd8+ Bxd8 32.Rd1 Bb6+ 33.Kg2 Bd4 34.Rc1 Bb6 35.a4 Kf7 36.a5 Bd8
37.Rc5 Ke6 38.Kf2 Kd6 39.Ke3 Bc6 40.f4 exf4+ 41.gxf4 Be7 42.Rc4 Bb5 43.Rd4+ Ke6
44.Kf3 Bf6 45.Rd1 Be7 46.Rb1 h6 47.Ke3 Bd6 48.h4 h5 49.Kf3 Be7 50.Kg3 Bd6
51.Kf3 Be7 52.Kg3 Bd6  1/2-1/2

[Event "3rd PGMA Cup"]
[Site "Manila PHI"]
[Date "2008.09.09"]
[Round "5"]
[White "Nguyen Van Huy"]
[Black "Wang Xiaohui"]
[Result "1/2-1/2"]
[WhiteElo "2386"]
[BlackElo "2215"]

1.e4 c5 2.Nf3 e6 3.d4 cxd4 4.Nxd4 a6 5.Nc3 b5 6.Bd3 Bb7 7.O-O Qc7 8.Re1 Nc6
9.Nxc6 Bxc6 10.a4 b4 11.Nd5 Qb7 12.Qe2 Nf6 13.Nxf6+ gxf6 14.Qh5 d5 15.exd5 Bxd5
16.f3 O-O-O 17.Bf4 f5 18.Kh1 Bd6 19.Bxd6 Rxd6 20.a5 Kb8 21.Qh4 Bc6 22.Qf4 Rd8
23.Rad1 Ka7 24.Be2 Rxd1 25.Rxd1 Rxd1+ 26.Bxd1 Qb5 27.Qc7+ Bb7 28.Kg1 Ka8
29.Kf2 Qd5 30.Be2 Qd4+ 31.Kg3 Qg7+ 32.Kf2 Qd4+ 33.Kf1 Qxb2 34.Qd8+ Ka7 35.Qb6+ Ka8
36.Bd3 h6 37.Kf2 f4 38.h3 Qc3 39.Ke2 Qe5+ 40.Kf1 Qa1+ 41.Kf2 Qc3  1/2-1/2

[Event "IV Geller Memorial"]
[Site "Odessa UKR"]
[Date "2008.09.09"]
[Round "1"]
[White "Khazankin,M"]
[Black "Martemianov,I"]
[Result "0-1"]
[WhiteElo "2106"]
[BlackElo "2371"]

1.e4 c5 2.Nc3 e6 3.Nf3 a6 4.d4 cxd4 5.Nxd4 Qc7 6.Bd3 Bc5 7.Nb3 Be7 8.Qe2 d6
9.O-O b5 10.Be3 Bb7 11.a3 Nf6 12.f4 Nbd7 13.h3 Nc5 14.Nd2 d5 15.e5 Nfd7 16.Rac1 Nb6
17.b4 Ncd7 18.Bd4 Nc4 19.Bxc4 dxc4 20.Nde4 Qc6 21.Rcd1 a5 22.Nd6+ Bxd6 23.exd6 axb4
24.axb4 O-O 25.Rf3 Rae8 26.Rg3 f6 27.Qg4 Rf7 28.Qh5 e5 29.Be3 Re6 30.Kh2 Rxd6
31.Rxd6 Qxd6 32.Nxb5 Qxb4 33.Nc7 Nf8 34.fxe5 Rxc7 35.exf6 g6 36.Qe5 Rf7 37.Bc5 Qb5
38.Rg5 Qc6 39.Be7 Nd7 40.Qd4 Nxf6 41.Qd8+ Kg7 42.c3 Qe4 43.Bd6 Qe8 44.Qb6 Qc6
45.Qd8 h6 46.Rg3 Qd5 47.Rf3 g5 48.Rf2 Qe6 49.Bg3 Qd5 50.Qb8 Ng4+ 51.hxg4 Rxf2
52.Be5+ Kg6 53.Qe8+ Qf7  0-1

[Event "1st Women It"]
[Site "Tashkent UZB"]
[Date "2008.09.09"]
[Round "5"]
[White "Sergeeva,M"]
[Black "Gevorgyan,I"]
[Result "1-0"]
[WhiteElo "2325"]
[BlackElo "2154"]

1.e4 c5 2.Nf3 e6 3.d4 cxd4 4.Nxd4 a6 5.Nc3 Qc7 6.Bd3 Nf6 7.Be3 Bd6 8.h3 Nc6
9.Qd2 O-O 10.Nb3 Be7 11.f4 d6 12.g4 b5 13.g5 b4 14.Na4 Nd7 15.Qf2 Rb8 16.h4 Na5
17.Nxa5 Qxa5 18.b3 Nc5 19.Nxc5 dxc5 20.h5 Bd7 21.g6 h6 22.Bc4 Kh8 23.gxf7 Rxf7
24.Rd1 Qc7 25.Qg3 Rd8 26.Rg1 Bb5 27.Rxd8+ Qxd8 28.Qg6 Bh4+ 29.Ke2 Bxc4+ 30.bxc4 Qe7
31.e5 a5 32.Rg4 Kg8 33.Qxh6 Qb7 34.Qxe6 Qh1 35.Rg1 Qh2+ 36.Kf3 Be7 37.h6 Qh5+
38.Ke4  1-0

[Event "Open"]
[Site "Herzliya ISR"]
[Date "2008.09.10"]
[Round "7"]
[White "Bitansky,I"]
[Black "Kudischewitsch,D"]
[Result "1/2-1/2"]
[WhiteElo "2431"]
[BlackElo "2341"]

1.e4 c5 2.Nf3 e6 3.Nc3 a6 4.d4 cxd4 5.Nxd4 Ne7 6.g3 Nec6 7.Nde2 d6 8.Bg2 Be7
9.O-O O-O 10.f4 Nd7 11.Kh1 Re8 12.Be3 Qc7 13.f5 Nce5 14.Nf4 Bf8 15.Bh3 Nf6
16.a4  1/2-1/2

[Event "DMP Ekstraliga"]
[Site "Karpacz POL"]
[Date "2008.09.10"]
[Round "5"]
[White "Volokitin,And"]
[Black "Kveinys,A"]
[Result "1/2-1/2"]
[WhiteElo "2672"]
[BlackElo "2527"]

1.e4 c5 2.Nf3 e6 3.d4 cxd4 4.Nxd4 a6 5.Nc3 Qc7 6.Bd3 Bd6 7.Qg4 Be5 8.Nde2 d6
9.f4 Bf6 10.Be3 Nc6 11.O-O-O Nge7 12.Qf3 O-O 13.g4 Bxc3 14.Nxc3 d5 15.exd5 Nxd5
16.Nxd5 exd5 17.f5 Ne5 18.Qxd5 Bd7 19.Qc5 Qxc5 20.Bxc5 Rfc8 21.Bd4 Nxd3+
22.Rxd3 Bc6 23.Rg1 f6 24.g5 Be4 25.Rd2 Kf7 26.gxf6 gxf6 27.Rg4 Re8 28.Rh4 Bxf5
29.Rf2 Kg6 30.Rhf4 Rad8 31.Rxf5 Rxd4 32.Rxf6+ Kg5 33.b3 Re7 34.Rf7 Rxf7 35.Rxf7 Rh4
36.Rxb7 Rxh2 37.a4 h5 38.b4 Re2 39.b5 axb5 40.axb5 Re8 41.b6 h4 42.Rh7 Rb8
43.b7 Kf5 44.Kd2 Ke5 45.c4 Kd6 46.Kc3 Kc6 47.Kd4 Rd8+ 48.Ke5 Re8+ 49.Kd4 Rd8+
50.Kc3 Rb8 51.Rxh4 Rxb7 52.Rh6+ Kc5 53.Rh5+ Kc6 54.Kd4  1/2-1/2

[Event "IV Geller Memorial"]
[Site "Odessa UKR"]
[Date "2008.09.10"]
[Round "2"]
[White "Martemianov,I"]
[Black "Lomakin,V"]
[Result "1-0"]
[WhiteElo "2371"]
[BlackElo "2082"]

1.e4 c5 2.Nf3 e6 3.d4 cxd4 4.Nxd4 a6 5.Nc3 b5 6.a3 Bb7 7.Be3 d6 8.Be2 Nf6
9.f3 Be7 10.O-O O-O 11.Qe1 Nbd7 12.Rd1 Qc7 13.g4 Nc5 14.g5 Ne8 15.Qg3 g6
16.Bd3 Ng7 17.f4 e5 18.Nde2 Nh5 19.Qh4 exf4 20.Nxf4 Nxf4 21.Qxf4 Nd7 22.Bd4 Ne5
23.Nd5 Bxd5 24.exd5 f6 25.gxf6 Bxf6 26.Be4 Rae8 27.Qg3 Bg7 28.b3 Rxf1+ 29.Rxf1 Qe7
30.Bc3 Nd7 31.Bxg7 Kxg7 32.Bf5 Ne5 33.Be6 Rf8 34.Rxf8 Kxf8 35.Qf2+ Kg7 36.Kf1 Qc7
37.Qe2 Qc5 38.a4 bxa4 39.bxa4 Qa5 40.Qf2 Qxa4 41.Qa7+ Kh6 42.Qe7 Qf4+ 43.Ke2 Qxh2+
44.Ke3 Qg3+ 45.Ke4 Qe1+ 46.Kf4 Qc1+ 47.Ke4 Qxc2+ 48.Ke3 Qc3+ 49.Ke2 Qd3+
50.Kf2 Qd2+ 51.Kf1 Qf4+ 52.Ke2 Nc4 53.Kd3 a5 54.Bg8 Ne5+ 55.Kc3 Qe3+ 56.Kc2 Qe2+
57.Kb1 Qd1+ 58.Ka2 Qd2+ 59.Kb1 Qb4+ 60.Ka2 Qc4+ 61.Kb1 Qe4+ 62.Ka2 Qe2+ 63.Kb1 Qe1+
64.Kc2 Qf2+ 65.Kc3 Qe3+ 66.Kb2 Qf2+ 67.Kb3 Qg3+ 68.Ka4 Nc4 69.Qxh7+ Kg5 70.Qe7+ Kf4
71.Qf6+ Ke4 72.Qe7+ Kd4 73.Qg7+ Kd3 74.Bh7 Ne5 75.Qc7 Nc4 76.Kb5 Ne3 77.Qf7 Kd4
78.Kc6 Nc4 79.Qf6+ Ke3 80.Qc3+ Kf4 81.Qxc4+ Kg5 82.Qc1+ Kf5 83.Qb1+ Kf6 84.Qa1+ Kf7
85.Qxa5  1-0

[Event "DMP Ekstraliga"]
[Site "Karpacz POL"]
[Date "2008.09.11"]
[Round "6"]
[White "Leniart,A"]
[Black "Szoen,D"]
[Result "1/2-1/2"]
[WhiteElo "2391"]
[BlackElo "2477"]

1.e4 c5 2.Nf3 e6 3.d4 cxd4 4.Nxd4 a6 5.Nc3 b5 6.g3 Bb7 7.Bg2 Nf6 8.a3 d6
9.O-O Nbd7 10.Re1 Qc7 11.Bg5 h6 12.Bxf6 Nxf6 13.a4 b4 14.Na2 Qb6 15.a5 Qxa5
16.c3 Qb6 17.Nxb4 Be7 18.Nbc6 Qxc6 19.e5 d5 20.exf6 gxf6 21.Ra4 Rb8 22.c4  1/2-1/2

[Event "IV Geller Memorial"]
[Site "Odessa UKR"]
[Date "2008.09.12"]
[Round "4"]
[White "Andreev,Ed UKR"]
[Black "Zherebukh,Y"]
[Result "1/2-1/2"]
[WhiteElo "2455"]
[BlackElo "2432"]

1.e4 c5 2.Nf3 e6 3.d4 cxd4 4.Nxd4 a6 5.Nc3 d6 6.Be3 Nf6 7.f3 b5 8.Qd2 Nbd7
9.g4 Nb6 10.Qf2 Nfd7 11.f4 Bb7 12.f5 Be7 13.fxe6 O-O 14.Nf5 fxe6 15.Bxb6 Nxb6
16.Nxe7+ Kh8 17.Qh4 b4 18.Bd3 Rf7 19.Ne2 Rxe7 20.O-O-O Nd7 21.Rhf1 Ne5 22.Kb1 Qe8
23.Nd4 Rc8 24.Nf3 Ng6 25.Qf2 Qd8  1/2-1/2

[Event "TCh-SRB 1st League"]
[Site "Subotica SRB"]
[Date "2008.09.12"]
[Round "11"]
[White "Todorovic,GM"]
[Black "Damljanovic,B"]
[Result "1/2-1/2"]
[WhiteElo "2479"]
[BlackElo "2579"]

1.e4 c5 2.Nf3 e6 3.d4 cxd4 4.Nxd4 a6 5.Nc3 b5 6.Bd3 Qb6 7.Nb3 Qc7 8.O-O Bb7
9.Qe2 b4 10.Nd1 Nf6 11.f4  1/2-1/2

[Event "I Liga Seniorow"]
[Site "Ustron POL"]
[Date "2008.09.12"]
[Round "7"]
[White "Kuczynski,R"]
[Black "Pazdziora,Mi"]
[Result "1-0"]
[WhiteElo "2497"]
[BlackElo "2236"]

1.e4 c5 2.Nf3 e6 3.Nc3 a6 4.d4 cxd4 5.Nxd4 Nc6 6.Be2 Qc7 7.O-O Nf6 8.Be3 Be7
9.f4 d6 10.a4 O-O 11.Kh1 Bd7 12.Nb3 b6 13.Bf3 Bc8 14.g4 Bb7 15.g5 Nd7 16.Bg2 Rfe8
17.Rf3 Bf8 18.Rh3 g6 19.Qd2 Rad8 20.Rd1 Nc5 21.Qf2 Qe7 22.f5 Ne5 23.Qh4 h6
24.gxh6 Qxh4 25.Rxh4 Be7 26.Rh3 exf5 27.exf5 Bc8 28.Nd4 gxf5 29.Rg3+ Ng6
30.Nc6 Bh4 31.Nxd8 Bxg3 32.hxg3 Rxd8 33.a5 Re8 34.Nd5 Nd7 35.Nxb6 Rxe3 36.Nxc8 Rxg3
37.Nxd6 Nh4 38.Nxf5 Nxf5 39.Rxd7 Ne3 40.Bd5 Rh3+ 41.Kg1 Nxd5 42.Rxd5 Rxh6
43.Rc5 Rf6 44.b4 Kf8 45.c4 Ke7 46.b5 Kd7 47.b6  1-0

[Event "61st ch-RUS HL"]
[Site "Novokuznetsk RUS"]
[Date "2008.09.13"]
[Round "10"]
[White "Garakov,M"]
[Black "Rychagov,A"]
[Result "0-1"]
[WhiteElo "2439"]
[BlackElo "2549"]

1.e4 c5 2.Nf3 e6 3.d4 cxd4 4.Nxd4 a6 5.Nc3 b5 6.Bd3 Qc7 7.O-O Bb7 8.Re1 d6
9.Bg5 Nd7 10.Qh5 g6 11.Qh4 Bg7 12.Nd5 exd5 13.exd5+ Ne5 14.f4 Bxd5 15.fxe5 dxe5
16.Be4 Bxe4 17.Qxe4 Rc8 18.a4 Ne7 19.axb5 axb5 20.Kh1 Qd7 21.Bxe7 Qxe7 22.Nc6 Qe6
23.Na7 Rc4 24.Qa8+ Ke7 25.Qb7+ Qd7 26.Qb6 Rd8 27.Nxb5 Kf8 28.Nc3 Qc7 29.Qf2 Qc5
30.Qf3 Qc6 31.Qf2 f5 32.Red1 Rcd4 33.Rxd4 exd4 34.Nd1 Qe4 35.Qd2 Re8 36.Nf2 Qe2
37.Qb4+ Kg8 38.Qb3+ Kh8 39.Nd3 f4 40.Qd5 Qxc2 41.Qf3 h5 42.Nxf4 Qf5 43.Nd3 Qxf3
44.gxf3 Re3 45.Rd1 Rxf3 46.b4 Rf5 47.Rb1 Rb5 48.Kg2 Kg8 49.Kf3 Kf7 50.Ke4 Ke6
51.Nf4+ Kd6 52.Nxg6 Rg5 53.Nf4 Re5+ 54.Kf3 Re3+ 55.Kf2 Be5 56.Ne2 Rh3 57.b5 Rxh2+
58.Kf3 Rh3+ 59.Kf2 Kd5 60.b6 Ke4 61.Rb4 Rf3+ 62.Kg2 h4 63.Ng1 h3+ 64.Kh1 Rf1
65.Rb5 h2 66.Rxe5+ Kxe5 67.Kxh2 d3 68.b7 Rb1 69.Kg2 Kd4  0-1

[Event "FSGM September"]
[Site "Budapest HUN"]
[Date "2008.09.14"]
[Round "9"]
[White "Wittmann,W"]
[Black "Farago,I"]
[Result "1/2-1/2"]
[WhiteElo "2272"]
[BlackElo "2482"]

1.e4 c5 2.Nf3 e6 3.d4 cxd4 4.Nxd4 a6 5.Nc3 Qc7 6.Bd3 Nc6 7.Nxc6 bxc6 8.O-O Nf6
9.Qe2 d6 10.b3 Be7 11.Bb2 O-O 12.Na4 e5 13.c4 Nd7 14.Rac1 Nc5 15.Nxc5 dxc5
16.Bb1 Be6 17.Rc3 Rad8 18.Rd1  1/2-1/2

[Event "1st Women It"]
[Site "Tashkent UZB"]
[Date "2008.09.14"]
[Round "10"]
[White "Andriasian,S"]
[Black "Gevorgyan,I"]
[Result "1/2-1/2"]
[WhiteElo "2280"]
[BlackElo "2154"]

1.e4 c5 2.Nf3 e6 3.d4 cxd4 4.Nxd4 a6 5.Nc3 Qc7 6.Bd3 Nf6 7.O-O Bd6 8.Nf3 Nc6
9.Qe2 O-O 10.Bg5 Ng4 11.h3 Nge5 12.Be3 b5 13.Nxe5 Nxe5 14.f4 Nc4 15.Bc1 Bb4
16.Nd1 Bb7 17.b3 Rac8 18.Kh1 Nb6 19.Bb2 f6 20.Qg4 Rf7 21.a3 Bc5 22.Qh5 Qc6
23.Rf3 Be7 24.Rg3 Qc5 25.Qe2 Qc7 26.Qg4 Bxe4 27.Bxe4 f5 28.Bxf5 exf5 29.Qf3 Bf6
30.Bxf6 Rxf6 31.Ne3 Qc6 32.Rd1 Qxf3 33.Rxf3 g6 34.g4 fxg4 35.hxg4 Rc3 36.Kg2 Re6
37.Kf2 Re4 38.f5 g5 39.Rd2 Kf8 40.Nd1 Rxf3+ 41.Kxf3 Rf4+ 42.Kg3 h5 43.gxh5 Rxf5
44.Rd6 Nd5 45.Rxa6 Kf7 46.Nf2 Nf6 47.h6 Rd5 48.Rb6 d6 49.Nd3 Kg6 50.Nb4 Rd2
51.Rxb5 Kxh6 52.a4 d5 53.a5 g4 54.Rb6 Kg5 55.Rxf6 Kxf6 56.a6 Rd1 57.Nc6 Ra1
58.a7 Ke6 59.b4 Ra6 60.b5 Ra3+ 61.Kxg4 Kd7 62.Kf5 Kc7 63.Ke5 Kb6 64.Kxd5 Kxb5
65.c4+ Kb6  1/2-1/2

[Event "4th Pichay Cup"]
[Site "Manila PHI"]
[Date "2008.09.15"]
[Round "2"]
[White "Shanava,K"]
[Black "Jia Haoxiang"]
[Result "1-0"]
[WhiteElo "2522"]
[BlackElo "2303"]

1.e4 c5 2.Nf3 e6 3.d4 cxd4 4.Nxd4 a6 5.Nc3 Qc7 6.Bd3 Nf6 7.Be3 Be7 8.f4 d6
9.O-O Nbd7 10.Qf3 b6 11.Rae1 Bb7 12.Kh1 h5 13.Qh3 g6 14.e5 Ng4 15.Nxe6 fxe6
16.Bxg6+ Kd8 17.exd6 Qxd6 18.Rd1 Qc7 19.Bd4 Rh6 20.Bxh5 Ngf6 21.Bxf6 Rxf6
22.Bg4 Qc6 23.Rfe1 Rh6 24.Rxe6 Rxh3 25.Rxc6 Rxh2+ 26.Kxh2 Bxc6 27.Nd5 Bxd5
28.Rxd5 Ra7 29.Bf5 Ke8 30.g4 Nf6 31.Rd1 Kf7 32.Kg3 Rc7 33.g5 Ne8 34.Bd3 Nd6
35.Rh1 Rc5 36.Kg4 Nc4 37.Rh7+ Kf8 38.Bg6 Bd6 39.Rf7+ Kg8 40.Rd7 Bf8 41.Kh5 Ne3
42.Bf7+ Kh8 43.Be6 Ng2 44.Kg4 Ne3+ 45.Kf3 Nf5 46.c4 Ne7 47.Kg4 Ng6 48.Rd8 Kg7
49.f5 Ne5+ 50.Kh5 Be7 51.Rg8+ Kh7 52.b4 Nf7 53.bxc5 Kxg8 54.Kg6 Bxc5 55.f6 b5
56.cxb5 axb5 57.Bxf7+ Kh8 58.Bd5 b4 59.Kf5  1-0

[Event "EYb12"]
[Site "Herceg Novi MNE"]
[Date "2008.09.16"]
[Round "2"]
[White "Bayramov,E"]
[Black "Shurunov,A"]
[Result "0-1"]
[WhiteElo "1908"]
[BlackElo "2127"]

1.e4 c5 2.Nf3 e6 3.d4 cxd4 4.Nxd4 a6 5.Nc3 Qc7 6.Be2 Nf6 7.O-O Nc6 8.Be3 Bb4
9.f3 O-O 10.Na4 Be7 11.c4 d6 12.Nc3 Ne5 13.Rc1 b6 14.f4 Ned7 15.f5 Nc5 16.Bf3 e5
17.Nde2 Bb7 18.Nd5 Bxd5 19.cxd5 Qb7 20.Nc3 b5 21.b4 Ncd7 22.Be2 Nb6 23.g4 Rfc8
24.g5 Nfd7 25.Qe1 Nc4 26.Bxc4 Rxc4 27.Qg3 Rac8 28.f6 Bf8 29.Bf2 Rxb4 30.fxg7 Bxg7
31.Qh3 Rbc4 32.Ne2 Nf8 33.Rxc4 bxc4 34.Ng3 c3 35.Nf5 Qd7 36.Ne7+ Qxe7 37.Qxc8 Qxg5+
38.Kh1 Qd2 39.Qxa6 c2 40.Qa3 Bh6 41.Rg1+ Ng6 42.Qxd6 Qxf2 43.Qb8+ Kg7 44.Qxe5+ Qf6
45.Qg3 c1=Q 46.Rxc1 Bxc1 47.Qd3 Bf4 48.a4 Qa1+ 49.Kg2 Qa2+ 50.Kf1 Qxa4 51.d6 Qd7
52.h3 Qxd6 53.Qb3 Qd4  0-1

[Event "II ROMGAZ Open"]
[Site "Bucharest ROU"]
[Date "2008.09.17"]
[Round "7"]
[White "Miedema,R"]
[Black "Raducanu,A"]
[Result "1/2-1/2"]
[WhiteElo "2303"]
[BlackElo "2117"]

1.e4 c5 2.Nf3 e6 3.d4 cxd4 4.Nxd4 a6 5.Nc3 Qc7 6.g3 b5 7.Bg2 Bb7 8.O-O Nf6
9.Re1 d6 10.a4 bxa4 11.Nxa4 Be7 12.c4 Nbd7 13.b3 O-O 14.Bd2 Rab8 15.Nb2 Nc5
16.Qc2 e5 17.Nf5 Nxb3 18.Qxb3 Bxe4 19.Nxe7+ Qxe7 20.Qc3 Bxg2 21.Kxg2 Qb7+
22.Kg1 Qxb2 23.Rxa6 Ne4 24.Qxb2 Rxb2 25.Rxe4 Rxd2 26.c5 Rd1+ 27.Kg2 f5 28.Re2 f4
29.f3 dxc5 30.Rxe5 fxg3 31.hxg3 Rd2+ 32.Kh3 Rxf3 33.Rxc5 h6 34.Rc7 Rdd3 35.Rg6 Rf7
36.Rxf7 Kxf7 37.Ra6 Rf3 38.Kg4 Rf6 39.Ra7+ Kg6 40.Rb7 h5+ 41.Kh3 Rf7 42.Rb6+ Kg5
43.Rb5+ Rf5 44.Rb7 g6 45.Rb6 Re5 46.Ra6 Kf5 47.Ra8 g5 48.Rf8+ Kg6 49.Kg2 g4
50.Rf2 Kg5 51.Ra2 Kf5 52.Rf2+ Ke4 53.Ra2 Rd5 54.Re2+ Kd3 55.Ra2 Ke3 56.Ra3+ Ke2
57.Rb3 Rd2 58.Rb5 Ke3+ 59.Kg1 Kf3 60.Rb3+ Ke4 61.Rb4+ Rd4 62.Rb5 Rd5 63.Rb4+ Ke3
64.Kg2 Rd2+ 65.Kg1 Rd3 66.Kg2 Rd4 67.Rb5 Rd2+ 68.Kg1 Kf3 69.Rb3+ Ke4 70.Rb4+ Rd4
71.Rb5 Rd5 72.Rb4+ Kf5 73.Rb2 Kg5 74.Kg2 Ra5 75.Rc2 h4 76.gxh4+ Kxh4 77.Rb2 Rc5  1/2-1/2